Régimes politiques en France depuis 481 - Statistiques

Statistiques générales
  • Ce quiz a été pris 232 fois
    191 depuis la dernière actualisation
  • Le résultat moyen est 9 sur 18
Statistiques - réponses
Date Régime % Correct
1804-1814 Premier Empire
89%
1852-1870 Second Empire
87%
1946-1958 4e République
74%
1958- Aujourd'hui 5e République
74%
1792-1804 1ere République
72%
1870-1940 3e République
72%
1610-1791 Monarchie absolue
72%
1848-1852 2e République
68%
1830-1848 Monarchie de Juillet
60%
1791-1792 Monarchie constitutionnelle
57%
1814-1815 Première Restauration
55%
1815-1830 Seconde Restauration
55%
1815-1815 Cent jours
34%
1944-1946 Gouvernement provisoire de la République française
19%
987-1610 Monarchie féodale
16%
1940-1943 France libre
13%
481-987 Monarchie fédérative
6%
1943-1944 Comité français de la Libération nationale
4%
Aucun quiz correspondant
Distribution des résultats
% des personnes avec chaque résultat
Percentile par nombre de réponses
Votre historique - résultats
Vous n’avez pas pris ce quiz depuis la dernière actualisation